000 00710nam a22002177a 4500
003 UA-OsUOA
001 45704
007 ta
008 20070508b un ||||| |||| 00| 0 ukr d
100 _aКовтун Н.В.
090 _a330
_bК-11
942 _cSA
040 _aUA-OsUOA
_bukr
_cUA-OsUOA
_dUA-OsUOA
245 _aМетоди фінансової статистики в аналізі інвестиційної діяльності: сфера та особливості використання
300 _aС.15-20
955 _a0
041 _aukr
080 _a330
773 0 _w45703
_tСтатистика України
_dК.
_d2007
_g1
650 7 _a330 Економіка взагалі
_2UDC
999 _c331806
_d331806